000 00842nab a2200241 u 4500
001 09840
003 HDC
007 cr bn ---aaaaa
008 210202c9999 |r|nos 0 a eng d
040 _aHDC
110 _aPR-Inside.com
245 0 _aSaudi Arabia cosmetics market: Increased demand for Halal certified products
260 _a[no place] :
_b[publisher not identified],
_c[no year]
336 _atext
_2rdacontent
337 _acomputer
_2rdamedia
338 _aonline resource
_2rdacarrier
650 _acosmetics market
_zSaudi Arabia
_910093
650 _aHalal certified products
_910094
856 _zRequest full-text at [email protected]
942 _2lcc
942 _cNEWS
942 _kNWSO 000028
999 _c7163
_d7163